| 000 | 01419 a2200217 4500 | ||
|---|---|---|---|
| 003 | Nust | ||
| 005 | 20221219095629.0 | ||
| 010 | _a 2003343300 | ||
| 020 | _a9698373020 | ||
| 035 | _a(DLC) 2003343300 | ||
| 040 | _cNust | ||
| 082 | _a303.625,HUS | ||
| 100 | 1 |
_aHussain, Iqbal S. _9328 |
|
| 245 | 1 | 0 |
_aTerrorism in action : _bcivilizations at war / _cIqbal S. Hussain. |
| 246 | 1 | _aIslam, a target of western imperialism | |
| 250 | _a1st ed. | ||
| 260 |
_aLahore _bHumanity interational _c2003. |
||
| 300 |
_a382 p. ; _c22 cm. |
||
| 505 | _aIntroduction (Paeg-8), Islam Under Attack (Paeg-17), Responding to Challenges (Paeg-28), Clash of Fundamentals (Paeg-35), Imperialism in 21st Century (Paeg-63), Fundamentals of Islamic Revolution (Paeg-79), Crusades and Terrorism (Paeg-89), Grievances of the Muslim World (Paeg-100), A Dialogue of the Deaf (Paeg-109), Taliban Islam (Paeg-116), US Policies Under Attack (Paeg-127), Islamic Models Institutions (Paeg-144), Confrontation Between Islamic (Paeg-160), Fundamentalist Thought (Paeg-173), Bin Laden Profile of a Terrorist (Paeg-177), Terrorism in Action (Paeg-196), Dynamics of Adventurism (Paeg-204), Islam (Paeg-216), Dilemma of the Muslim World (Paeg-230), JIHAD (Paeg-242), Morality of War (Paeg-253), Political Islam (Paeg-265), USA as America (Paeg-278),Tides of History (Paeg-292), Muslims Collective Apathy (Paeg-304). | ||
| 942 |
_2ddc _cBK _k303.625,HUS |
||
| 999 |
_c184789 _d184789 |
||